World Capitals Closest to Guatemala City - Statistics

General Stats
  • This quiz has been taken 40 times
  • The average score is 9 of 10
Answer Stats
Kilometres away Miles away Capital % Correct
1057km 657mi Mexico City
100%
1348km 838mi Panama City
100%
174km 108mi San Salvador
100%
871km 541mi San José
97%
535km 332mi Managua
91%
360km 224mi Tegucigalpa
91%
345km 214mi Belmopan
84%
1272km 790mi Havana
84%
1507km 936mi Kingston
81%
1980km 1230mi Port-au-Prince
78%
No matching quizzes found
Score Distribution
Percent of People with Each Score
Percentile by Number Answered
Your Score History
You have not taken this quiz